|
|
|
|
| LEADER |
00000cam a2200000 a 4500 |
| 001 |
vtls008887104 |
| 003 |
SK-MaSNL |
| 005 |
20260301022429.0 |
| 008 |
160610s2006 xo o g 000 0 slo |
| 015 |
|
|
|a SNBA2007/06-02363
|
| 020 |
|
|
|a 8096949780 (viaz.)
|
| 035 |
|
|
|a 8F2E05A4-5C4D-42DE-8E68-43D1FB36DDDC
|
| 035 |
|
|
|a urn:nbn:sk:snk-aml6xj
|
| 035 |
|
|
|a urn:nbn:sk:snk-am008u5c
|
| 040 |
|
|
|a SNK
|b slo
|c SNK
|e AACR2
|
| 041 |
0 |
|
|a slo
|
| 043 |
|
|
|a e-xo---
|
| 044 |
|
|
|a xo
|c SK
|
| 072 |
|
7 |
|a 94(437)
|x Dejiny Česka a Slovenska
|2 konspekt
|
| 080 |
|
|
|a 94(437.6)
|2 2001
|
| 080 |
|
|
|a (048.8)
|2 2001
|
| 245 |
0 |
0 |
|a Zlatníky
|b prírodopis, história, súčasnosť
|c [autori textov: Helena Grežďová ... [et al.] ; redaktor a editor: Dušan Vaňo]
|
| 260 |
|
|
|a Zlatníky
|b Obecný úrad
|c 2006
|
| 300 |
|
|
|a 176 s.
|b fotogr. (prevažne fareb.)
|c 2006
|
| 366 |
|
|
|e 1000 výtl.
|
| 500 |
|
|
|a Mp. na front. a predsádkach
|
| 500 |
|
|
|a Vyd. v spolupráci LITO, Topoľčany
|
| 504 |
|
|
|a Pozn. Bibliogr. odkazy
|
| 650 |
0 |
7 |
|a dejiny obcí
|2 SNKPH
|9 164834
|
| 651 |
|
7 |
|a Zlatníky (Slovensko)
|2 SNKPHgeo
|9 84745
|
| 651 |
|
7 |
|a Zlatníky (Slovakia)
|2 SNKPHeng
|9 313069
|
| 655 |
|
7 |
|a monografie
|2 SNKPH
|9 70139
|
| 655 |
|
7 |
|a Monographs
|2 SNKPH
|9 120675
|
| 700 |
1 |
|
|a Grežďová, Helena
|4 aut
|9 294134
|
| 700 |
1 |
|
|a Vaňo, Dušan
|4 red
|4 edt
|9 82786
|
| 700 |
1 |
|
|a Kvasnicová, Oľga
|4 aut
|9 294135
|
| 700 |
1 |
|
|a Lemeš, Vladimír
|4 aut
|9 313070
|
| 700 |
1 |
|
|a Lukačka, Ján,
|d 1952-
|4 aut
|9 102667
|
| 700 |
1 |
|
|a Šmotláková, Blažena
|4 aut
|9 313071
|
| 700 |
1 |
|
|a Blina, Elemír
|4 aut
|9 313072
|
| 700 |
1 |
|
|a Stýskalová, Alžbeta
|4 aut
|9 313073
|
| 919 |
|
|
|a 80-969497-8-0
|
| 958 |
|
|
|a NB
|
| 958 |
|
|
|a OND
|
| 968 |
|
|
|d 93/94
|
| 999 |
|
|
|c 567390
|d 569320
|
| 952 |
|
|
|a SNK
|b SNK
|y PREZ
|7 0
|p 17A0544925
|o snkSC 127180
|i snk2007/7628
|8 0
|0 0
|1 0
|4 0
|d 2007-03-16
|f 1
|l 0
|r 2025-06-16 00:00:00
|w 2026-02-23
|
| 952 |
|
|
|a SNK
|b SNK
|y VYP
|7 0
|p 17A0544924
|o snkSC 127180 D1
|i snk2007/7629
|8 0
|0 0
|1 0
|4 0
|d 2007-03-16
|l 0
|r 2026-02-23 14:02:49
|w 2026-02-23
|